Теоретическое и экспериментальное исследование низкочастотного индуктивного параметрона без подмагничивания постоянным током; Одиннадцатое Всесоюзное совещание по магнитным элементам автоматики и вычислительной техники

Dettagli Bibliografici
Parent link:Одиннадцатое Всесоюзное совещание по магнитным элементам автоматики и вычислительной техники.— 1966.— С. 48
Altri autori: Ванштейн Р. А., Гольдштейн Е. И., Кутявин А. И., Шмойлов А. В.
Lingua:russo
Pubblicazione: 1966
Soggetti:
Natura: MixedMaterials Capitolo di libro
KOHA link:https://koha.lib.tpu.ru/cgi-bin/koha/opac-detail.pl?biblionumber=592337

MARC

LEADER 00000naa0a2200000 4500
001 592337
005 20250828143149.0
035 |a (RuTPU)RU\TPU\tpu\4068 
035 |a TPU00004068 
090 |a 592337 
100 |a 20011210d1966 k||y0rusy50 ca 
101 0 |a rus 
102 |a RU 
200 1 |a Теоретическое и экспериментальное исследование низкочастотного индуктивного параметрона без подмагничивания постоянным током  |f Р. А. Ванштейн [и др.] 
463 1 |t Одиннадцатое Всесоюзное совещание по магнитным элементам автоматики и вычислительной техники  |v С. 48  |o тезисы докладов  |d 1966 
610 1 |a электротехника 
610 1 |a труды учёных ТПУ 
701 1 |a Ванштейн  |b Р. А. 
701 1 |a Гольдштейн  |b Е. И. 
701 1 |a Кутявин  |b А. И. 
701 1 |a Шмойлов  |b А. В. 
801 0 |a RU  |b 63413507  |c 20011210  |g PSBO 
801 2 |a RU  |b 63413507  |c 20070925  |g PSBO 
942 |c BK